000 00344nam a2200121Ia 4500
008 210430s9999 xx 000 0 und d
082 _a671.373 G354S
100 _aGerman Randall M.
_954811
245 _aSintering Theory And Practice /
_cGerman Randall M.
260 _bJohn Willey &Sons
_c1996
_aNew York
300 _a550p.
942 _cBK
_2ddc
999 _c565570
_d565570